[Event "Nordic Chess-ch 2019"]
[Site "Sarpsborg"]
[Date "2019.06.22"]
[Round "3.38"]
[White "Bergquist, Rune"]
[Black "Andersen, Harry"]
[Result "0-1"]
[WhiteElo "1609"]
[BlackElo "1905"]
[Annotator "NA"]
[PlyCount "64"]
[EventDate "2019.06.21"]
[EventType "swiss"]
[EventCountry "NOR"]
[SourceTitle "playchess.com"]
[Source "ChessBase"]
[SourceQuality "1"]
[TimeControl "40/5400+30:1800+30"]

1. d4 {[%emt 0:07:11]} Nf6 {[%emt 0:00:00]} 2. c4 {[%emt 0:00:19]} g6 {[%emt 0:00:00]} 3. Nc3 {[%emt 0:00:25]} d5 {[%emt 0:00:17]} 4. cxd5 {[%emt 0:00:23]} Nxd5 {[%emt 0:00:11]} 5. e4 {[%emt 0:00:13]} Nxc3 {[%emt 0:00:11]} 6. bxc3 {[%emt 0:00:02]} Bg7 {[%emt 0:00:12]} 7. Bc4 {[%emt 0:00:44]} O-O {[%emt 0:00:20]} 8. Ne2 {[%emt 0:01:55]} c5 {[%emt 0:00:21]} 9. Be3 {[%emt 0:00:34]} Nc6 {[%emt 0:01:14]} 10. Rc1 {[%emt 0:00:37]} Na5 {[%emt 0:08:38]} 11. Bd3 {[%emt 0:02:46]} cxd4 {[%emt 0:04:34]} 12. cxd4 {[%emt 0:00:43]} Nc6 {[%emt 0:02:34]} 13. Bb1 {[%emt 0:01:35]} Bg4 {[%emt 0:03:16]} 14. f3 {[%emt 0:04:16]} Bd7 {[%emt 0:00:31]} 15. h4 {[%emt 0:02:59]} h5 {[%emt 0:02:57]} 16. e5 {[%emt 0:08:19]} e6 {[%emt 0:05:36]} 17. Qd2 {[%emt 0:24:34]} Rc8 {[%emt 0:05:11]} 18. Kf2 {[%emt 0:03:47]} Qa5 {[%emt 0:02:38]} 19. Qb2 {[%emt 0:04:10]} Qb4 {[%emt 0:07:27]} 20. Qxb4 {[%emt 0:05:49]} Nxb4 {[%emt 0:00:25]} 21. Nc3 {[%emt 0:02:29]} Rc4 {[%emt 0:03:20]} 22. a3 {[%emt 0:01:58]} Rfc8 {[%emt 0:02:58]} 23. axb4 {[%emt 0:04:11]} Rxc3 {[%emt 0:00:08]} 24. Bd2 {[%emt 0:06:27]} R3c4 {[%emt 0:02:14]} 25. Ke3 {[%emt 0:02:55]} Bf8 {[%emt 0:03:55]} 26. Rxc4 {[%emt 0:00:35]} Rxc4 {[%emt 0:00:30]} 27. Ba2 {[%emt 0:01:23]} Rc2 {[%emt 0:01:34]} 28. Bb1 {[%emt 0:01:48]} Bh6+ {[%emt 0:00:25]} 29. f4 {[%emt 0:00:36]} Bxf4+ {[%emt 0:00:39]} 30. Kxf4 {[%emt 0:00:27]} Rxd2 {[%emt 0:00:20]} 31. Ke3 {[%emt 0:02:26]} Rb2 {[%emt 0:02:08]} 32. Be4 {[%emt 0:03:57]} Rb3+ {[%emt 0:00:49]} 0-1

[Event "Nordic Chess-ch 2019"]
[Site "Sarpsborg"]
[Date "2019.06.22"]
[Round "3.40"]
[White "Stubrud, Jan Magne"]
[Black "Eriksen, Oddvar"]
[Result "1-0"]
[WhiteElo "1681"]
[BlackElo "1520"]
[Annotator "NA"]
[PlyCount "83"]
[EventDate "2019.06.21"]
[EventType "swiss"]
[EventCountry "NOR"]
[SourceTitle "playchess.com"]
[Source "ChessBase"]
[SourceQuality "1"]
[TimeControl "40/5400+30:1800+30"]

1. d4 {[%emt 0:00:00]} d5 {[%emt 0:00:00]} 2. Bf4 {[%emt 0:00:00]} e6 {[%emt 0:00:17]} 3. e3 {[%emt 0:00:33]} Bd6 {[%emt 0:00:06]} 4. Bg3 {[%emt 0:02:13]} Nf6 {[%emt 0:01:08]} 5. Nd2 {[%emt 0:00:52]} Nbd7 {[%emt 0:00:40]} 6. Ngf3 {[%emt 0:02:13]} a6 {[%emt 0:00:46]} 7. c4 {[%emt 0:00:50]} Ne4 {[%emt 0:01:00]} 8. c5 {[%emt 0:10:21]} Be7 {[%emt 0:04:10]} 9. Nxe4 {[%emt 0:01:22]} dxe4 {[%emt 0:01:58]} 10. Nd2 {[%emt 0:00:22]} Nf6 {[%emt 0:01:22]} 11. Qc2 {[%emt 0:01:13]} c6 {[%emt 0:03:16]} 12. b4 {[%emt 0:06:11]} Qd5 {[%emt 0:00:41]} 13. Be5 {[%emt 0:01:30]} O-O {[%emt 0:01:27]} 14. Bc4 {[%emt 0:01:49]} Qd7 {[%emt 0:00:04]} 15. Nxe4 {[%emt 0:00:58]} Nxe4 {[%emt 0:01:10]} 16. Qxe4 {[%emt 0:00:16]} f6 {[%emt 0:02:24]} 17. Bg3 {[%emt 0:01:58]} a5 {[%emt 0:00:45]} 18. bxa5 {[%emt 0:05:36]} Rxa5 {[%emt 0:01:18]} 19. O-O {[%emt 0:00:20]} f5 {[%emt 0:03:16]} 20. Qc2 {[%emt 0:11:48]} Kh8 {[%emt 0:03:39]} 21. Be5 {[%emt 0:05:00]} Bf6 {[%emt 0:01:32]} 22. f4 {[%emt 0:01:28]} Bxe5 {[%emt 0:03:35]} 23. fxe5 {[%emt 0:00:16]} Qe7 {[%emt 1:06:56]} 24. Rab1 {[%emt 0:44:51]} Qg5 {[%emt 0:00:30]} 25. Rf3 {[%emt 0:00:30]} Ra3 {[%emt 0:00:00]} 26. Qf2 {[%emt 0:00:00]} Kg8 {[%emt 0:00:00]} 27. Bb3 {[%emt 0:00:00]} Ra8 {[%emt 0:00:00]} 28. Rf1 {[%emt 0:00:00]} Bd7 {[%emt 0:00:00]} 29. e4 {[%emt 0:00:00]} f4 {[%emt 0:00:00]} 30. Rxf4 {[%emt 0:00:00]} Rxf4 {[%emt 0:03:00]} 31. Qxf4 {[%emt 0:03:00]} Qxf4 {[%emt 0:00:30]} 32. Rxf4 {[%emt 0:00:30]} Rf8 {[%emt 0:00:00]} 33. Rf2 {[%emt 0:00:00]} g6 {[%emt 0:00:00]} 34. d5 {[%emt 0:00:00]} Rxf2 {[%emt 0:00:00]} 35. Kxf2 {[%emt 0:00:00]} Kf7 {[%emt 0:00:00]} 36. Ke3 {[%emt 0:00:00]} Ke7 {[%emt 0:00:00]} 37. Kf4 {[%emt 0:00:00]} h6 {[%emt 0:00:00]} 38. h4 {[%emt 0:00:00]} cxd5 {[%emt 0:00:00]} 39. exd5 {[%emt 0:00:00]} exd5 {[%emt 0:04:00]} 40. Bxd5 {[%emt 0:04:00]} Bc6 {[%emt 0:00:00]} 41. Bxc6 {[%emt 0:10:05]} bxc6 {[%emt 0:31:00]} 42. a4 {[%emt 0:20:55]} 1-0

[Event "Nordic Chess-ch 2019"]
[Site "Sarpsborg"]
[Date "2019.06.22"]
[Round "3.41"]
[White "Lunde, Sigmund"]
[Black "Thorvlaksson, Baldvin"]
[Result "1/2-1/2"]
[WhiteElo "1834"]
[BlackElo "1523"]
[Annotator "NA"]
[PlyCount "126"]
[EventDate "2019.06.21"]
[EventType "swiss"]
[EventCountry "NOR"]
[SourceTitle "playchess.com"]
[Source "ChessBase"]
[SourceQuality "1"]
[TimeControl "40/5400+30:1800+30"]

1. e4 {[%emt 0:00:20]} c5 {[%emt 0:00:00]} 2. Nf3 {[%emt 0:03:07]} d6 {[%emt 0:00:00]} 3. Nc3 {[%emt 0:06:23]} Nc6 {[%emt 0:01:20]} 4. d4 {[%emt 0:02:19]} cxd4 {[%emt 0:01:47]} 5. Nxd4 {[%emt 0:01:52]} Nf6 {[%emt 0:00:33]} 6. Be2 {[%emt 0:02:18]} e6 {[%emt 0:02:48]} 7. O-O {[%emt 0:06:41]} Be7 {[%emt 0:02:06]} 8. Be3 {[%emt 0:02:12]} a6 {[%emt 0:02:20]} 9. Rb1 {[%emt 0:10:33]} Bd7 {[%emt 0:01:50]} 10. f4 {[%emt 0:01:42]} b5 {[%emt 0:02:35]} 11. a3 {[%emt 0:00:53]} Nxd4 {[%emt 0:12:31]} 12. Qxd4 {[%emt 0:01:02]} Bc6 {[%emt 0:00:37]} 13. Rbd1 {[%emt 0:05:53]} d5 {[%emt 0:04:05]} 14. e5 {[%emt 0:03:47]} Nd7 {[%emt 0:02:15]} 15. b4 {[%emt 0:03:09]} Rb8 {[%emt 0:02:47]} 16. Bg4 {[%emt 0:17:12]} Nb6 {[%emt 0:07:45]} 17. f5 {[%emt 0:02:07]} Bd7 {[%emt 0:02:25]} 18. fxe6 {[%emt 0:07:35]} Bxe6 {[%emt 0:01:00]} 19. Bxe6 {[%emt 0:02:09]} fxe6 {[%emt 0:00:18]} 20. Qg4 {[%emt 0:01:08]} Nc4 {[%emt 0:06:39]} 21. Bd4 {[%emt 0:01:14]} Qd7 {[%emt 0:04:21]} 22. Qxg7 {[%emt 0:00:50]} Rf8 {[%emt 0:00:05]} 23. Qxh7 {[%emt 0:04:02]} Kd8 {[%emt 0:00:11]} 24. Rxf8+ {[%emt 0:02:50]} Bxf8 {[%emt 0:00:03]} 25. Qxd7+ {[%emt 0:11:12]} Kxd7 {[%emt 0:00:07]} 26. Nb1 {[%emt 0:00:00]} Bh6 {[%emt 0:00:52]} 27. Rd3 {[%emt 0:00:00]} Rg8 {[%emt 0:02:08]} 28. Rf3 {[%emt 0:00:00]} Rg7 {[%emt 0:00:22]} 29. Kf2 {[%emt 0:00:00]} Ke7 {[%emt 0:00:16]} 30. h3 {[%emt 0:00:00]} Rf7 {[%emt 0:00:27]} 31. g4 {[%emt 0:00:00]} Rf4 {[%emt 0:02:08]} 32. Rxf4 {[%emt 0:00:00]} Bxf4 {[%emt 0:00:03]} 33. Kf3 {[%emt 0:00:00]} Bxe5 {[%emt 0:00:25]} 34. Bxe5 {[%emt 0:00:33]} Nxe5+ {[%emt 0:00:07]} 35. Ke3 {[%emt 0:00:45]} Nc4+ {[%emt 0:01:56]} 36. Kd4 {[%emt 0:02:00]} Kd6 {[%emt 0:00:19]} 37. g5 {[%emt 0:00:29]} e5+ {[%emt 0:00:12]} 38. Kd3 {[%emt 0:00:15]} e4+ {[%emt 0:00:51]} 39. Kd4 {[%emt 0:00:47]} Ke6 {[%emt 0:00:09]} 40. g6 {[%emt 0:01:22]} Kf6 {[%emt 0:00:20]} 41. Nc3 {[%emt 0:31:15]} Nxa3 {[%emt 0:34:08]} 42. Nxd5+ {[%emt 0:00:00]} Kxg6 {[%emt 0:00:00]} 43. Ne3 {[%emt 0:00:00]} Kg5 {[%emt 0:00:00]} 44. Kxe4 {[%emt 0:00:00]} Kh4 {[%emt 0:00:00]} 45. Kd3 {[%emt 0:00:00]} Kxh3 {[%emt 0:37:19]} 46. Nd5 {[%emt 0:03:04]} Kg3 {[%emt 0:00:00]} 47. Nc7 {[%emt 0:00:00]} Kf4 {[%emt 0:00:00]} 48. Nxa6 {[%emt 0:00:00]} Ke5 {[%emt 0:00:00]} 49. Nc5 {[%emt 0:00:00]} Kd5 {[%emt 0:00:00]} 50. Kc3 {[%emt 0:00:00]} Nb1+ {[%emt 0:00:00]} 51. Kb2 {[%emt 0:00:00]} Nd2 {[%emt 0:00:00]} 52. Nb3 {[%emt 0:00:00]} Nc4+ {[%emt 0:00:00]} 53. Kc3 {[%emt 0:00:00]} Nb6 {[%emt 0:00:00]} 54. Nd2 {[%emt 0:00:00]} Na4+ {[%emt 0:00:00]} 55. Kb3 {[%emt 0:00:00]} Nb6 {[%emt 0:00:00]} 56. c3 {[%emt 0:00:00]} Nc8 {[%emt 0:00:00]} 57. Kc2 {[%emt 0:00:00]} Nd6 {[%emt 0:00:00]} 58. Kd3 {[%emt 0:00:00]} Ne8 {[%emt 0:00:00]} 59. Nf1 {[%emt 0:00:00]} Ke5 {[%emt 0:00:00]} 60. Ne3 {[%emt 0:00:00]} Nf6 {[%emt 0:00:00]} 61. c4 {[%emt 0:00:00]} bxc4+ {[%emt 0:00:00]} 62. Kxc4 {[%emt 0:00:00]} Kd6 {[%emt 0:00:00]} 63. b5 {[%emt 0:00:21]} Nd7 {[%emt 0:00:00]} 1/2-1/2

[Event "Nordic Chess-ch 2019"]
[Site "Sarpsborg"]
[Date "2019.06.22"]
[Round "3.42"]
[White "Heikkila, Raine"]
[Black "Lilleng, Gunnar"]
[Result "1/2-1/2"]
[WhiteElo "1663"]
[BlackElo "1485"]
[Annotator "NA"]
[PlyCount "114"]
[EventDate "2019.06.21"]
[EventType "swiss"]
[EventCountry "NOR"]
[SourceTitle "playchess.com"]
[Source "ChessBase"]
[SourceQuality "1"]
[TimeControl "40/5400+30:1800+30"]

1. e4 {[%emt 0:00:00]} d6 {[%emt 0:00:00]} 2. d4 {[%emt 0:00:00]} Nf6 {[%emt 0:00:26]} 3. Nc3 {[%emt 0:00:00]} Bg4 {[%emt 0:00:09]} 4. Nf3 {[%emt 0:00:17]} e6 {[%emt 0:00:48]} 5. Be2 {[%emt 0:00:09]} Nbd7 {[%emt 0:00:38]} 6. h3 {[%emt 0:00:18]} Bh5 {[%emt 0:00:14]} 7. Bg5 {[%emt 0:00:17]} Be7 {[%emt 0:00:29]} 8. Qd3 {[%emt 0:00:47]} c6 {[%emt 0:01:29]} 9. O-O-O {[%emt 0:00:23]} h6 {[%emt 0:06:53]} 10. Be3 {[%emt 0:02:01]} Bg6 {[%emt 0:01:49]} 11. Nd2 {[%emt 0:00:45]} d5 {[%emt 0:01:36]} 12. f3 {[%emt 0:00:23]} Nh5 {[%emt 0:05:18]} 13. g4 {[%emt 0:01:28]} Ng3 {[%emt 0:01:03]} 14. Rhg1 {[%emt 0:00:37]} Nxe2+ {[%emt 0:00:27]} 15. Qxe2 {[%emt 0:00:25]} Nb6 {[%emt 0:04:57]} 16. Rdf1 {[%emt 0:00:30]} Bh7 {[%emt 0:02:17]} 17. f4 {[%emt 0:01:42]} dxe4 {[%emt 0:08:35]} 18. Ndxe4 {[%emt 0:00:58]} Nd5 {[%emt 0:01:06]} 19. Kb1 {[%emt 0:02:51]} Nxe3 {[%emt 0:05:39]} 20. Qxe3 {[%emt 0:00:12]} g6 {[%emt 0:03:07]} 21. g5 {[%emt 0:02:17]} h5 {[%emt 0:04:40]} 22. h4 {[%emt 0:01:06]} Qb6 {[%emt 0:01:41]} 23. Na4 {[%emt 0:04:31]} Qc7 {[%emt 0:01:52]} 24. Nac5 {[%emt 0:01:24]} b6 {[%emt 0:01:24]} 25. Nd3 {[%emt 0:00:17]} O-O {[%emt 0:03:31]} 26. Ne5 {[%emt 0:02:04]} a5 {[%emt 0:01:40]} 27. Qf3 {[%emt 0:01:16]} Rac8 {[%emt 0:00:53]} 28. Nf6+ {[%emt 0:01:25]} Kg7 {[%emt 0:03:47]} 29. Nxh7 {[%emt 0:05:05]} Kxh7 {[%emt 0:01:27]} 30. Qe4 {[%emt 0:00:02]} Kg7 {[%emt 0:00:39]} 31. Rg2 {[%emt 0:03:56]} Rfd8 {[%emt 0:01:45]} 32. c3 {[%emt 0:04:05]} c5 {[%emt 0:01:35]} 33. Rd2 {[%emt 0:03:50]} cxd4 {[%emt 0:03:57]} 34. Rxd4 {[%emt 0:00:58]} Rxd4 {[%emt 0:01:13]} 35. Qxd4 {[%emt 0:00:48]} Bc5 {[%emt 0:01:53]} 36. Qe4 {[%emt 0:02:43]} Rd8 {[%emt 0:02:15]} 37. Kc2 {[%emt 0:00:33]} Rd5 {[%emt 0:02:04]} 38. Rf3 {[%emt 0:03:37]} Be7 {[%emt 0:02:57]} 39. Rd3 {[%emt 0:02:04]} Rxd3 {[%emt 0:01:20]} 40. Nxd3 {[%emt 0:00:15]} Bd6 {[%emt 0:03:33]} 41. a3 {[%emt 0:30:43]} Kg8 {[%emt 0:30:43]} 42. b4 {[%emt 0:00:35]} axb4 {[%emt 0:01:57]} 43. axb4 {[%emt 0:00:10]} Kf8 {[%emt 0:01:28]} 44. Kb3 {[%emt 0:03:31]} Qb8 {[%emt 0:02:56]} 45. Qd4 {[%emt 0:00:55]} Kg8 {[%emt 0:01:05]} 46. c4 {[%emt 0:01:55]} Bc7 {[%emt 0:03:13]} 47. Qf6 {[%emt 0:02:28]} Qd8 {[%emt 0:02:08]} 48. Qxd8+ {[%emt 0:02:25]} Bxd8 {[%emt 0:00:28]} 49. b5 {[%emt 0:00:01]} f6 {[%emt 0:01:52]} 50. Kc3 {[%emt 0:01:08]} fxg5 {[%emt 0:00:14]} 51. fxg5 {[%emt 0:00:14]} Bc7 {[%emt 0:01:17]} 52. c5 {[%emt 0:05:33]} bxc5 {[%emt 0:01:42]} 53. Nxc5 {[%emt 0:00:48]} Kf7 {[%emt 0:00:12]} 54. Kc4 {[%emt 0:03:27]} Ke7 {[%emt 0:00:11]} 55. Ne4 {[%emt 0:01:19]} Bb6 {[%emt 0:00:07]} 56. Kd3 {[%emt 0:36:29]} e5 {[%emt 0:07:21]} 57. Kc4 Ke6 {[%emt 0:00:30]} 1/2-1/2

[Event "Nordic Chess-ch 2019"]
[Site "Sarpsborg"]
[Date "2019.06.23"]
[Round "4.1"]
[White "Getz, Nicolai"]
[Black "Hammer, Jon Ludvig"]
[Result "0-1"]
[WhiteElo "2380"]
[BlackElo "2645"]
[Annotator "TA"]
[PlyCount "90"]
[EventDate "2019.06.21"]
[EventType "swiss"]
[EventCountry "NOR"]
[SourceTitle "playchess.com"]
[Source "ChessBase"]
[SourceQuality "1"]

{[%evp 9,103,14,20,19,19,19,12,16,16,7,14,21,12,-28,39,32,31,0,0,0,0,-11,-13,-54,-2,-20,0,-41,-31,-17,-18,-25,-12,-40,-23,-56,-55,-53,-47,-47,-53,-96,-101,-97,-60,-68,-61,-86,-63,-69,-12,-12,-17,-68,-62,-58,-50,-54,-41,-73,-58,-118,-118,-111,-90,-463,-473,-613,-598,-579,-591,-675,-691,-695,-672,-594,-609,-642,-694,-676,-629,-537,-412,-1031,-979,-935,-892,-29988,-29989,-29994,-29995,-29995,-29996,-29996,-29997,-29999]} 1. c4 e5 2. Nc3 Bb4 3. Nd5 Bc5 4. Nf3 c6 5. Nc3 d6 6. e3 {A21: English Opening: 1...e5 2 Nc3} Bb4 7. d4 e4 8. Nd2 {The position is equal.} f5 $146 ({Predecessor:} 8... Bxc3 9. bxc3 Nf6 10. Ba3 O-O 11. c5 d5 12. Be2 Re8 {0-1 (42) Nakamura,H (2779)-Anand,V (2779) Saint Louis 2016}) 9. Qa4 (9. Be2 {feels hotter.} Nf6 10. O-O O-O 11. Qc2 Be6 12. a3) 9... Bxc3 10. bxc3 {[%cal Bb2c3,Bc3c4][%mdl 32]} Nf6 11. c5 d5 (11... dxc5 $11 12. dxc5 O-O) 12. c4 O-O 13. Nb1 Be6 14. Nc3 Nbd7 15. Rb1 Qc7 16. Bd2 Kh8 (16... b6 $15) 17. Qb3 Rab8 18. Qa3 b6 19. cxb6 axb6 20. Qb3 Rfc8 21. Be2 Qd6 22. h3 dxc4 23. Bxc4 Bxc4 24. Qxc4 b5 25. Qe2 Nb6 26. O-O Ra8 27. Rfc1 Qe6 28. Be1 h6 29. Qc2 Ra3 (29... Ra6 $15) 30. Rb3 $11 Ra6 31. Nb1 (31. a4 $11) 31... Kh7 $15 32. Bb4 Nfd5 33. Bc5 Nc4 $36 {[%mdl 2048] White is under pressure.} 34. Nd2 Rca8 35. Nxc4 (35. a3 $15) 35... bxc4 $17 36. Qxc4 Rxa2 37. Rb7 $2 {[%mdl 8192]} (37. Rbc3 $17) 37... Qg6 $19 {aiming for ...Nxe3!} 38. Rb3 f4 39. Qf1 Rd2 40. Rd1 Rxd1 41. Qxd1 {[#]} f3 $1 {[%csl Gf3][%cal Rg6g2]} 42. g3 Qe6 43. g4 {[#]} h5 $1 {[%mdl 512]} 44. Kh2 (44. gxh5 Qxh3) 44... Ra2 45. Qg1 hxg4 {Played: Nd5-f4} 0-1

[Event "Nordic Chess-ch 2019"]
[Site "Sarpsborg"]
[Date "2019.06.23"]
[Round "4.2"]
[White "Urkedal, Frode Olav Olsen"]
[Black "Notkevich, Benjamin Arvola"]
[Result "1-0"]
[WhiteElo "2525"]
[BlackElo "2485"]
[Annotator "ChessBase"]
[PlyCount "91"]
[EventDate "2019.06.21"]
[EventType "swiss"]
[EventCountry "NOR"]
[SourceTitle "playchess.com"]
[Source "ChessBase"]
[SourceQuality "1"]
[TimeControl "40/5400+30:1800+30"]

1. d4 {[%emt 0:00:28]} Nf6 {[%emt 0:00:00]} 2. c4 {[%emt 0:00:04]} e6 {[%emt 0:00:00]} 3. Nf3 {[%emt 0:00:05]} d5 {[%emt 0:00:00]} 4. Nc3 {[%emt 0:00:05]} c5 {[%emt 0:00:00]} 5. cxd5 {[%emt 0:02:28]} Nxd5 {[%emt 0:00:00]} 6. e4 {[%emt 0:02:14]} Nxc3 {[%emt 0:00:04]} 7. bxc3 {[%emt 0:00:04]} cxd4 {[%emt 0:00:05]} 8. cxd4 {[%emt 0:00:02]} Bb4+ {[%emt 0:00:08]} 9. Bd2 {[%emt 0:00:02]} Bxd2+ {[%emt 0:00:06]} 10. Qxd2 {[%emt 0:00:06]} O-O {[%emt 0:00:06]} 11. Bc4 {[%emt 0:00:08]} Nd7 {[%emt 0:00:34]} 12. O-O {[%emt 0:00:14]} b6 {[%emt 0:00:04]} 13. Rfe1 {[%emt 0:03:36]} Bb7 {[%emt 0:00:07]} 14. Rad1 {[%emt 0:00:47]} Rc8 {[%emt 0:00:19]} 15. Bb3 {[%emt 0:00:13]} h6 {[%emt 0:03:54]} 16. h3 {[%emt 0:08:00]} Re8 {[%emt 0:06:11]} 17. Qf4 {[%emt 0:09:46]} Nf6 {[%emt 0:09:05]} 18. d5 {[%emt 0:08:38]} exd5 {[%emt 0:00:06]} 19. e5 {[%emt 0:00:04]} Nh7 {[%emt 0:01:18]} 20. Nd4 {[%emt 0:00:32]} Nf8 {[%emt 0:34:07]} 21. Nf5 {[%emt 0:06:09]} Rc5 {[%emt 0:14:35]} 22. Nd6 {[%emt 0:23:42]} Re7 {[%emt 0:00:05]} 23. Qg3 {[%emt 0:01:15]} Rec7 {[%emt 0:16:24]} 24. f4 {[%emt 0:04:13]} Rc3 {[%emt 0:07:31]} 25. Qg4 {[%emt 0:04:55]} Bc8 {[%emt 0:00:33]} 26. f5 {[%emt 0:00:47]} Qg5 {[%emt 0:02:10]} 27. Qxg5 {[%emt 0:01:34]} hxg5 {[%emt 0:00:02]} 28. e6 {[%emt 0:07:25]} fxe6 {[%emt 0:01:17]} 29. Nxc8 {[%emt 0:00:05]} Rxc8 {[%emt 0:00:35]} 30. fxe6 {[%emt 0:00:07]} Nh7 {[%emt 0:04:02]} 31. Bxd5 {[%emt 0:02:38]} Nf6 {[%emt 0:01:09]} 32. e7+ {[%emt 0:00:07]} Nxd5 {[%emt 0:00:08]} 33. e8=Q+ {[%emt 0:00:27]} Rxe8 {[%emt 0:00:02]} 34. Rxe8+ {[%emt 0:00:09]} Kf7 {[%emt 0:00:01]} 35. Ra8 {[%emt 0:00:23]} Rc5 {[%emt 0:01:54]} 36. Rxa7+ {[%emt 0:00:23]} Kg6 {[%emt 0:00:04]} 37. Rd2 {[%emt 0:01:03]} g4 {[%emt 0:00:57]} 38. hxg4 {[%emt 0:00:21]} Nf6 {[%emt 0:00:21]} 39. Rd4 {[%emt 0:00:48]} b5 {[%emt 0:00:24]} 40. Kh2 {[%emt 0:01:10]} Kh6 {[%emt 0:00:43]} 41. Rb7 {[%emt 0:34:18]} Nd5 {[%emt 0:01:33]} 42. g5+ {[%emt 0:00:00]} Kg6 {[%emt 0:00:06]} 43. Rd7 {[%emt 0:00:00]} Nc3 {[%emt 0:08:06]} 44. R4d6+ {[%emt 0:00:00]} Kh7 {[%emt 0:00:06]} 45. Rh6+ {[%emt 0:00:00]} Kg8 {[%emt 0:00:05]} 46. Rg6 {[%emt 0:00:00]} 1-0

[Event "Nordic Chess-ch 2019"]
[Site "Sarpsborg"]
[Date "2019.06.23"]
[Round "4.3"]
[White "Westerberg, Jonathan"]
[Black "Rydstrom, Tom"]
[Result "1-0"]
[WhiteElo "2545"]
[BlackElo "2370"]
[Annotator "TA"]
[PlyCount "87"]
[EventDate "2019.06.21"]
[EventType "swiss"]
[EventCountry "NOR"]
[SourceTitle "playchess.com"]
[Source "ChessBase"]
[SourceQuality "1"]

{[%evp 18,87,8,15,66,61,76,70,65,58,62,56,72,72,68,58,79,79,79,79,93,92,93,93,86,79,100,79,113,113,108,108,111,86,95,79,81,80,127,127,132,127,127,127,149,116,116,118,176,176,176,176,176,176,169,169,165,132,132,132,150,150,703,190,1583,1455,29969,29970,29964,6428,5114,5114]} 1. e4 e5 2. Nf3 Nc6 3. Bc4 Nf6 4. d4 exd4 5. e5 d5 6. Bb5 Ne4 7. Nxd4 Bc5 8. Be3 Bd7 9. Bxc6 bxc6 10. Nd2 Qe7 {C56: Two Knights: 4 d4 exd4 5 0-0 Nxe4} ({Black should try} 10... Nxd2 $11 11. Qxd2 O-O) 11. Nxe4 $1 $14 dxe4 12. e6 $1 fxe6 {White is slightly better.} 13. Nxc6 Bb4+ 14. Nxb4 Qxb4+ 15. Qd2 Qxd2+ 16. Kxd2 Bc6 17. Kc3 $146 ({Predecessor:} 17. Rhd1 O-O-O+ 18. Kc3 {1-0 (48) Polzin,R (2464)-Zude,A (2371) Germany 2000}) 17... Rf8 18. Rhd1 a6 19. Rd4 Bd5 20. h4 Rf5 21. b3 Rd8 22. Rad1 Rd7 23. Kb2 Bc6 24. Rxd7 Bxd7 $16 {[%mdl 4096] Endgame KRB-KRB} 25. Rh1 h5 26. g4 hxg4 27. Rg1 Kf7 28. Rxg4 Bc6 29. c4 g6 30. Kc3 Ra5 31. Rg5 Rxg5 32. hxg5 {KB-KB} e5 {[#]} (32... Ke7 $16 33. Kd4 Ke8) 33. Kb4 $1 $18 Ke6 34. Kc5 Bb7 35. b4 Kd7 36. b5 Kc8 37. bxa6 Bxa6 38. Kd5 Kd7 39. a4 ({Reject} 39. Kxe4 $6 Bxc4 40. Kxe5 Bxa2 $11) 39... c6+ $2 (39... Bc8 $16 40. c5 (40. Kxe4 Kd6 $16) (40. Kxe5 Kc6 $16) 40... Bb7+ 41. Kxe5 Ke7) 40. Kxe5 {Threatens to win with Kf6.} Bxc4 $2 {[#]} (40... Ke7 41. Bc5+ (41. Kxe4 Kd6 $16) 41... Kf7 42. Kxe4 Ke6) 41. Kf6 $1 {[%cal Rf6g6]} Ke8 42. Kxg6 Kf8 43. Kh7 Bg8+ 44. Kh8 {Accuracy: White = 84%, Black = 28%.} 1-0

[Event "Nordic Chess-ch 2019"]
[Site "Sarpsborg"]
[Date "2019.06.23"]
[Round "4.4"]
[White "Tunge, Christian"]
[Black "Gretarsson, Helgi Ass"]
[Result "0-1"]
[WhiteElo "2027"]
[BlackElo "2433"]
[Annotator "TA"]
[PlyCount "40"]
[EventDate "2019.06.21"]
[EventType "swiss"]
[EventCountry "NOR"]
[SourceTitle "playchess.com"]
[Source "ChessBase"]
[SourceQuality "1"]

{[%evp 9,76,33,22,20,25,18,16,16,12,12,0,0,0,-39,-41,-32,-44,-103,-109,-97,-105,-116,-58,-58,-76,-140,-142,-156,-124,-201,-216,-232,-210,-217,-210,-205,-152,-383,-382,-410,-410,-410,-410,-410,-410,-403,-403,-656,-650,-680,-675,-663,-661,-617,-589,-699,-689,-692,-664,-872,-830,-1102,-1035,-2685,-2756,-6187,-5865,-29963,-5713]} 1. c4 e5 2. g3 h5 3. h4 (3. Nc3 Bb4 4. Nd5 a5 5. a3 Bc5 6. e3 d6 7. Bg2 c6 8. Nc3 h4 9. d4 Bb6 10. Nf3 h3 {½-½ (41) Bruzon Batista,L (2664)-Rakhmanov,A (2635) Havana 2018}) 3... Nc6 4. Bg2 Bc5 5. Nc3 d6 6. a3 {A20: English Opening: 1...e5} a5 7. Rb1 Nge7 8. d3 $146 {The position is equal.} ({Predecessor:} 8. Nd5 Nxd5 9. cxd5 Ne7 10. b4 axb4 11. axb4 {½-½ (36) Jenks,C (2146)-Rabbitte,L (2034) Sheffield 2011}) 8... Bg4 9. Bg5 f6 10. Bd2 Qd7 11. Nd5 Nxd5 12. cxd5 Ne7 13. b4 (13. Qc2 $15) 13... axb4 $40 {[%mdl 128] Black wants a kill.} 14. axb4 Bb6 15. Qb3 Qa4 (15... O-O $17 16. f3 Bf5) 16. Qxa4+ $15 Rxa4 17. Nf3 ({White should try} 17. e3) 17... Ra2 $17 18. Rd1 Kf7 19. O-O (19. Be3 $17 {was worth a try.}) 19... Rha8 $19 20. e4 c6 {Played: Ra8-a3} 0-1